000 00800nam a2200253Ia 4500
003 OSt
005 20220923211254.0
006 a|||||r|||| 00| 0
007 ta
008 Pun
020 _a9788178837413 (hbk)
_c150
024 _a271,550
037 _b671, 03/06/2013, H.K. Prakashan
_cTextual
040 _aARTS
_cARTS
_bPun
041 _2Pun
_aPun
082 _aO153,3N43,DW, Q2
100 _aਗਰਗ੍ਰ, ਕੇ ਐਲ
245 0 _aਧਾਰਾਂ ਵਾਲਾ ਪੁਲ
260 _aਲੁਧਿਆਣਾ
_b ਚੇਤਨਾ ਪ੍ਰਕਾFਨ
_c2012
300 _a120ਪੰ
_ccm.
650 _aਪੰਜਾਬੀ ਸਾਹਿਤ
942 _hO153,3N43,DW, Q2
_cTEXL
_2CC
999 _c298037
_d298037